00528 2200193 4500001002100000005001500021035002000036245007800056100002200134250000600156300003700162700001800199260003300217082001000250084001600260020002200276650001900298990001700317INLIS00000000000138120191001115843 a0010-10190000011 aOrang Jujur Tidak Sekolah /cAndri Rizki Putra; Penyunting, Pratiwi Utami0 aAndri Rizki Putra a- axii, 264 hlm. :bilus. ;c21 cm.0 aPratiwi Utami aYogyakarta :bBentang,c2014 a371.3 a371.3 AND o a978-602-291-062-6 aMetode Belajar a04744/H/2018